[Event "Moscow op-B 04th"]
[Site "Moscow"]
[Date "2008.02.04"]
[Round "3"]
[White "Merezhko, Igor"]
[Black "Talybov, Shukiur"]
[Result "1-0"]
[WhiteElo "2268"]
[BlackElo "2026"]
[PlyCount "57"]
[EventDate "2008.02.02"]
[EventType "swiss"]
[EventRounds "9"]
[EventCountry "RUS"]
[SourceTitle "CBM 122 Extra"]
[Source "ChessBase"]
[SourceDate "2008.03.04"]
[SourceVersion "1"]
[SourceVersionDate "2008.03.04"]
[SourceQuality "1"]

1. e4 c5 2. Nf3 e6 3. d4 cxd4 4. Nxd4 Nf6 5. Bd3 d6 6. 0-0 Be7 7. c4 a6 8. b3 b6 9. Bb2 Bb7 10. Qe2 Qc7 11. Nd2 0-0 12. Rac1 Nc6 13. Bb1 Nd7 14. Nxc6 Qxc6 15. Nf3 Bf6 16. Nd4 Qc5 17. Rfd1 Rad8 18. Rd3 Ne5 19. Rh3 Ng6 20. Qd1 Bg5 21. Rcc3 Nf4 22. Rhg3 Bf6 23. Rce3 Rfe8 24. h4 d5 25. e5 Be7 26. Qg4 Ng6 27. h5 dxc4 28. hxg6 hxg6 29. Bxg6 1-0

[Event "Moscow-ch U18"]
[Site "Moscow"]
[Date "2007.12.??"]
[Round "4"]
[White "Nikologorsky, Matfei"]
[Black "Talybov, Shukiur"]
[Result "1-0"]
[WhiteElo "2126"]
[BlackElo "2029"]
[PlyCount "95"]
[EventDate "2007.11.17"]
[EventType "swiss"]
[EventRounds "9"]
[EventCountry "RUS"]
[SourceTitle "EXT 2022"]
[Source "ChessBase"]
[SourceDate "2021.10.06"]
[SourceVersion "1"]
[SourceVersionDate "2021.10.06"]
[SourceQuality "1"]

1. Nf3 Nf6 2. c4 c5 3. Nc3 e6 4. d4 cxd4 5. Nxd4 b6 6. e4 d6 7. Be2 Bb7 8. f3 a6 9. g4 h6 10. h4 Nc6 11. Be3 Be7 12. Qd2 Nd7 13. 0-0-0 Qc7 14. Kb1 Rc8 15. g5 Nce5 16. b3 b5 17. f4 b4 18. Nd5 exd5 19. exd5 Ng6 20. h5 Ngf8 21. Nf5 hxg5 22. fxg5 Ne5 23. Nxg7+ Kd8 24. Qxb4 Nfd7 25. Rhf1 Rb8 26. Qc3 Kc8 27. Rxf7 Nxf7 28. Ne6 Nfe5 29. Nxc7 Kxc7 30. c5 dxc5 31. Qa5+ Kc8 32. Bxa6 Rxh5 33. Bxb7+ Rxb7 34. Qa8+ Rb8 35. Qa6+ Kd8 36. g6 Bf6 37. Bxc5 Nxg6 38. Re1 Re5 39. Qa5+ Ke8 40. Bd6 Rc8 41. Bxe5 Bxe5 42. Qa6 Ne7 43. d6 Rc6 44. Qa8+ Rc8 45. Qg2 Kf7 46. dxe7 Kxe7 47. Qb7 Rc5 48. b4 1-0

[Event "Moscow op1"]
[Site "Moscow"]
[Date "2007.10.07"]
[Round "1"]
[White "Zolotukhin, Valery"]
[Black "Talybov, Shukiur"]
[Result "1-0"]
[WhiteElo "2321"]
[BlackElo "2029"]
[PlyCount "50"]
[EventDate "2007.10.07"]
[EventType "swiss"]
[EventRounds "9"]
[EventCountry "RUS"]
[SourceTitle "EXT 2009"]
[Source "ChessBase"]
[SourceDate "2008.11.26"]
[SourceVersion "1"]
[SourceVersionDate "2008.11.26"]
[SourceQuality "1"]

1. e4 c5 2. Nf3 e6 3. d4 cxd4 4. Nxd4 Nf6 5. Nc3 Nc6 6. Nxc6 bxc6 7. e5 Nd5 8. Ne4 Qc7 9. f4 Qb6 10. c4 Ne3 11. Qd3 Nxf1 12. Rxf1 Ba6 13. b3 c5 14. Be3 Rc8 15. 0-0-0 Qb7 16. f5 exf5 17. Rxf5 Be7 18. Bg5 Bxg5+ 19. Rxg5 Qc6 20. Nd6+ Kd8 21. Nxf7+ Kc7 22. Nxh8 Rxh8 23. Qd6+ Qxd6 24. Rxd6 Bb7 25. Rxg7 Bc6 1-0

[Event "Moscow-ch op sf"]
[Site "Moscow"]
[Date "2007.03.19"]
[Round "7"]
[White "Lagoda, Vladimir"]
[Black "Talybov, Shukiur"]
[Result "0-1"]
[WhiteElo "2125"]
[BlackElo "1893"]
[PlyCount "62"]
[EventDate "2007.03.05"]
[EventType "swiss"]
[EventRounds "9"]
[EventCountry "RUS"]
[SourceTitle "EXT 2022"]
[Source "ChessBase"]
[SourceDate "2021.10.06"]
[SourceVersion "1"]
[SourceVersionDate "2021.10.06"]
[SourceQuality "1"]

1. e4 c5 2. Nf3 e6 3. d4 cxd4 4. Nxd4 Nf6 5. Nc3 Nc6 6. Ndb5 Bb4 7. Bf4 Nxe4 8. Nc7+ Kf8 9. Qf3 d5 10. 0-0-0 Bxc3 11. bxc3 g5 12. Nxa8 gxf4 13. Qxe4 dxe4 14. Rxd8+ Nxd8 15. Bb5 Rg8 16. g3 Rg5 17. c4 f3 18. Rd1 Ke7 19. Kd2 Rc5 20. Ke3 f5 21. Kd4 b6 22. Ke3 Nf7 23. Rb1 Bb7 24. Nxb6 axb6 25. Ba4 Bc6 26. Bxc6 Rxc6 27. Kd4 e5+ 28. Kc3 Nd6 29. Rb4 Rxc4+ 30. Rxc4 Nxc4 31. Kxc4 e3 0-1

[Event "Moscow Petrosian Memorial U18"]
[Site "Moscow"]
[Date "2007.01.??"]
[Round "6"]
[White "Talybov, Shukiur"]
[Black "Voit, Daria"]
[Result "0-1"]
[WhiteElo "1893"]
[BlackElo "2141"]
[PlyCount "96"]
[EventDate "2007.01.??"]
[EventType "swiss"]
[EventRounds "9"]
[EventCountry "RUS"]
[SourceTitle "EXT 2008"]
[Source "ChessBase"]
[SourceDate "2007.11.25"]
[SourceVersion "1"]
[SourceVersionDate "2007.11.25"]
[SourceQuality "1"]

1. e4 e5 2. Nf3 Nf6 3. Nxe5 d6 4. Nf3 Nxe4 5. d4 d5 6. Bd3 Nc6 7. c4 Be7 8. Nc3 Nxc3 9. bxc3 0-0 10. 0-0 Bg4 11. Bf4 dxc4 12. Bxc4 Bd6 13. Bg3 Na5 14. Be2 Re8 15. Qc2 Qe7 16. Rfe1 Bxf3 17. gxf3 Qf6 18. Rad1 Re7 19. Bd3 h5 20. Re4 Rae8 21. Rde1 Qg5 22. Kh1 Nc6 23. Rg1 Qf6 24. Qe2 h4 25. Bxd6 cxd6 26. Rgg4 d5 27. Re3 a6 28. Kg2 Nd8 29. Kf1 Ne6 30. Bc2 Kf8 31. Bb1 Nf4 32. Qd2 g5 33. Bc2 Re6 34. Bb1 b5 35. Bc2 h3 36. a4 Ng2 37. Rxg2 hxg2+ 38. Kxg2 Qf4 39. Rd3 Qxd2 40. Rxd2 Re2 41. Rxe2 Rxe2 42. Bb3 bxa4 43. Bxa4 Ke7 44. Kf1 Rb2 45. Bc6 Ke6 46. Be8 f6 47. Ba4 Ra2 48. Bb3 Ra3 0-1

[Event "Moscow Petrosian Memorial U18"]
[Site "Moscow"]
[Date "2007.01.??"]
[Round "8"]
[White "Talybov, Shukiur"]
[Black "Zaryvkina, Anastasia"]
[Result "1/2-1/2"]
[WhiteElo "1893"]
[BlackElo "2008"]
[PlyCount "68"]
[EventDate "2007.01.??"]
[EventType "swiss"]
[EventRounds "9"]
[EventCountry "RUS"]
[SourceTitle "EXT 2008"]
[Source "ChessBase"]
[SourceDate "2007.11.25"]
[SourceVersion "1"]
[SourceVersionDate "2007.11.25"]
[SourceQuality "1"]

1. e4 c5 2. Nf3 d6 3. d4 cxd4 4. Nxd4 Nf6 5. Nc3 a6 6. Be3 e6 7. f3 Qc7 8. Qd2 b5 9. 0-0-0 Nbd7 10. Kb1 Nb6 11. g4 Nfd7 12. Nb3 Nc4 13. Bxc4 bxc4 14. Nd4 Bb7 15. Rhe1 h5 16. g5 g6 17. f4 0-0-0 18. Qf2 Nc5 19. Bc1 Kb8 20. h4 Rg8 21. Qd2 Nd7 22. Rf1 Nb6 23. Qe3 d5 24. e5 Ka8 25. Nce2 Nd7 26. Ng3 Rb8 27. Rfe1 Nc5 28. Ka1 Qb6 29. Re2 Nd7 30. Nh1 Bc5 31. c3 Bc6 32. Nf2 Ba4 33. Rdd2 Bc6 34. Nd1 a5 1/2-1/2